| 000 | 01206cam a2200241 4500 | ||
|---|---|---|---|
| 001 | ABS62637 | ||
| 008 | 000000n2000 000 0 eng u | ||
| 035 | _a(Sirsi) u107668 | ||
| 245 | _aDulwich Estate (Trustees), re appeal of | ||
| 260 | _c2000 | ||
| 490 |
_aRating & Valuation Reporter _v[2000] 40(6) RVR 242-244(3) |
||
| 520 | _aLT 19 March 1998. The appellants were in charge of an estate management scheme approved under the Leasehold Reform Act 1967 s19 in 1974. In 1995 the appellants applied to the LVT to vary the scheme to include flats and houses made franchiseable under the Leasehold Reform, Housing and Urban Development Act 1993. LVT refused an extension on the grounds that it had no jurisdiction to act so. The appellants appealed with reference to the Leasehold Reform Act 1967 s19 (9). 'Held' appeal allowed. | ||
| 590 | _aABS | ||
| 650 | _aLEASEHOLD REFORM | ||
| 650 | _aMANAGEMENT SCHEME | ||
| 650 | _aVARIATION | ||
| 650 | _aJURISDICTION | ||
| 650 | _aLEASEHOLD REFORM ACT 1967 S19 | ||
| 650 | _aLEASEHOLD REFORM, HOUSING AND URBAN DEVELOPMENT ACT 1993 | ||
| 650 | _aDULWICH ESTATE (TRUSTEES) | ||
| 690 | _aLANDLORD AND TENANT-CASE LAW-LEASEHOLD REFORM | ||
| 942 | _n0 | ||
| 999 |
_c64323 _d64323 |
||